| 000 | 00875cam a2200325 i 4500 | ||
|---|---|---|---|
| 001 | 0000866 | ||
| 003 | DO-SdBNP | ||
| 005 | 20180216101252.0 | ||
| 007 | 0000866 | ||
| 008 | 100514s 1997 xxu c | |||| 000 f spa | ||
| 015 | _a | ||
| 017 |
_a _b |
||
| 020 | _a1572578025 | ||
| 035 | _a | ||
| 040 |
_aBPMSU _bspa _cBPMSU _e |
||
| 080 | _a | ||
| 100 | 1 | _aAlgie, Amy | |
| 245 | 1 | 0 |
_aCómo hacer un planeador / _h _cAmy Algie ; fotografías Mary Walker ; traducción Lourdes Pacheco |
| 260 |
_aEstados Unidos : _bShortland publications, _c1997. |
||
| 300 |
_a16 p.: _bretrato. _c16 cm. |
||
| 490 | 1 | _aSra. Sabiduría | |
| 490 | 1 | _aSerie A | |
| 700 | 1 | 2 |
_aWalker, Mary _efot. |
| 700 | 1 | 2 |
_aPacheco, Lourdes _etrad. |
| 830 | 0 | _aSra. Sabiduría | |
| 830 | 0 | _aSerie A. | |
| 942 |
_2ddc _cBK |
||
| 945 | _aInventariado, 2018/MFF | ||
| 956 |
_aYLOCKWARD _810 _cBPMSU |
||
| 999 |
_c12261 _d12261 |
||